000 00522cam a22001451 4500
082 _a621.4831
_bRES
_cL-7, P-23
110 2 _aAmerican Society of Mechanical Engineers.
_96441
245 1 0 _aResearch reactors.
_c[Compiled and edited by the American Society of Mechanical Engineers and others]
260 _aNew York,
_bMcGraw-Hill,
_c1955.
300 _a442 p.
_billus., diagrs., tables.
_c27 cm.
526 _a0
_b0
_c0
_d621_483100000000000_RES
650 0 _aMCE
_9379
650 0 _aNuclear reactors.
_940082
942 _2ddc
_cBK
999 _c545869
_d545869